Основы безопасности труда в техносфере: учебник

Opis bibliograficzny
1. autor: Татаренко В. И. Валерий Иванович
Kolejni autorzy: Ромейко В. Л. Валерий Леонидович (редактор), Ляпина О. П. Ольга Петровна
Streszczenie:Учебник содержит систематизированные сведения по специфическим особенностям безопасности жизнедеятельности работающего населения, занятого трудовой деятельностью в искусственной среде обитания — техносфере. Представлены современные положения комплексной методологии тех-носферной безопасности, правовые основы современного законодательства и нормативного регулирования в данной сфере, сведения о ведущих опасных и вредных производственных факторах, основных направлениях профилактики рисков производственного травматизма и профессиональной заболеваемости работников с реализацией экономических механизмов управления безопасностью условий труда в организациях.
Język:rosyjski
Wydane: Москва, Инфра-М, 2014
Seria:Высшее образование. Бакалавриат
Hasła przedmiotowe:
Format: MixedMaterials Książka
KOHA link:https://koha.lib.tpu.ru/cgi-bin/koha/opac-detail.pl?biblionumber=254008

MARC

LEADER 00000nam0a2200000 4500
001 254008
005 20231101232909.0
010 |a 9785160057699 
035 |a (RuTPU)RU\TPU\book\276430 
090 |a 254008 
100 |a 20140318d2014 m y0rusy50 ca 
101 0 |a rus 
102 |a RU 
105 |a a j 001zy 
200 1 |a Основы безопасности труда в техносфере  |e учебник  |f В. И. Татаренко, В. Л. Ромейко, О. П. Ляпина  |g под ред. В. Л. Ромейко 
210 |a Москва  |c Инфра-М  |d 2014 
215 |a 351 с.  |c ил. 
225 1 |a Высшее образование. Бакалавриат 
320 |a Библиогр.: с. 337-346. 
320 |a Глоссарий: с. 329-336. 
330 |a Учебник содержит систематизированные сведения по специфическим особенностям безопасности жизнедеятельности работающего населения, занятого трудовой деятельностью в искусственной среде обитания — техносфере. Представлены современные положения комплексной методологии тех-носферной безопасности, правовые основы современного законодательства и нормативного регулирования в данной сфере, сведения о ведущих опасных и вредных производственных факторах, основных направлениях профилактики рисков производственного травматизма и профессиональной заболеваемости работников с реализацией экономических механизмов управления безопасностью условий труда в организациях. 
606 1 |a Безопасность жизнедеятельности в техносфере  |2 stltpush  |3 (RuTPU)RU\TPU\subj\28155  |9 51745 
610 1 |a охрана труда 
610 1 |a Российская Федерация 
610 1 |a правовые основы 
610 1 |a труд 
610 1 |a безопасность 
610 1 |a управление 
610 1 |a вредные производственные факторы 
610 1 |a опасные производственные факторы 
610 1 |a трудовой процесс 
610 1 |a напряженность 
610 1 |a тяжесть 
610 1 |a производственный травматизм 
610 1 |a профессиональные заболевания 
610 1 |a производственная деятельность 
610 1 |a экономические механизмы 
610 1 |a рабочее место 
610 1 |a аттестация 
610 1 |a условия труда 
610 1 |a экспертиза 
610 1 |a охрана труда 
610 1 |a профессиональные риски 
610 1 |a здоровье 
610 1 |a повреждения 
610 1 |a учебники 
675 |a 658.345(075.8)  |v 3 
700 1 |a Татаренко  |b В. И.  |g Валерий Иванович 
701 1 |a Ромейко  |b В. Л.  |g Валерий Леонидович 
701 1 |a Ляпина  |b О. П.  |g Ольга Петровна 
702 1 |a Ромейко  |b В. Л.  |g Валерий Леонидович  |4 340 
801 1 |a RU  |b 63413507  |c 20140318 
801 2 |a RU  |b 63413507  |c 20150716  |g RCR 
942 |c BK 
959 |a 51/20140317  |d 5  |e 419,90  |f ЧЗТЛ:1  |f АНЛ:1  |f УФ:3